000 nam a22 7a 4500
999 _c66168
_d66168
005 20251006154037.0
008 251006b xxu||||| |||| 00| 0 eng d
020 _a84-670-2314-7
040 _aANE
041 _aEs
082 _a463 R288
110 _aReal Academia EspaƱola
245 _aDiccionario esencial de la Lengua EspaƱola
260 _aMadrid
_c2006
300 _a1631 p.
942 _2ddc
_cBK
_zNr.